Pravidla juda Platná od 1.1.1987

Saved in:
Bibliographic Details
Format: Book
Language:Czech
Published: Praha Olympia 1987
Edition:1. vyd.
Tags: Add Tag
No Tags, Be the first to tag this record!

MARC

LEADER 00000nam a2200000 4500
001 c023108
005 20260122162330.6
041 0 |a cze 
044 |a CZ 
245 1 0 |a Pravidla juda  |b Platná od 1.1.1987 
250 |a 1. vyd. 
264 1 |a Praha  |b Olympia  |c 1987 
300 |a 43 s.